[Event "Foxwoods op 15th"]
[Site "Ledyard"]
[Date "2023.04.07"]
[Round "4"]
[White "Macieja, Bartlomiej"]
[Black "Hardaway, Brewington"]
[Result "1-0"]
[WhiteElo "2513"]
[BlackElo "2363"]
[PlyCount "187"]
[EventDate "2023.04.05"]
[EventType "swiss"]
[EventRounds "9"]
[EventCountry "USA"]
[SourceTitle "CBM 213 Extra"]
[Source "ChessBase"]
[SourceDate "2023.05.31"]
[SourceVersion "1"]
[SourceVersionDate "2023.05.31"]
[SourceQuality "1"]

1. c4 e6 2. Nc3 d5 3. d4 Nf6 4. cxd5 exd5 5. Bg5 c6 6. Qc2 Be7 7. e3 Nbd7 8. Bd3 h6 9. Bh4 0-0 10. Nf3 Re8 11. 0-0 Ne4 12. Bxe4 Bxh4 13. Bh7+ Kh8 14. Bd3 Be7 15. Rae1 Kg8 16. a3 Nf6 17. Ne5 Be6 18. Na4 Qc7 19. b4 Bd6 20. f4 a5 21. Nc5 Bc8 22. Rb1 b6 23. Na4 axb4 24. axb4 Bb7 25. Rfc1 Ra7 26. b5 Rea8 27. Nxb6 Qxb6 28. bxc6 Qc7 29. cxb7 Rxb7 30. Qxc7 Rxc7 31. Rxc7 Bxc7 32. Kf2 Rb8 33. Ra1 Ne8 34. Nc6 Rb2+ 35. Kf3 Kf8 36. Ra7 g6 37. h4 Rb3 38. Bc2 Rc3 39. Ba4 Kg7 40. g4 Bd6 41. Rd7 Ba3 42. Ne5 Rc7 43. Rxd5 Nd6 44. Ra5 Rc3 45. Ra6 h5 46. Bd7 hxg4+ 47. Bxg4 Nb5 48. Ke2 Rc2+ 49. Kd1 Rh2 50. Rb6 Nc3+ 51. Ke1 Nd5 52. Rb3 Be7 53. Bf3 Bxh4+ 54. Kd1 Ne7 55. Be4 Ra2 56. Rb7 Ra3 57. Bd3 Bf6 58. Ke2 Ra2+ 59. Kf3 Ra3 60. Bc4 Rc3 61. Ba2 g5 62. f5 Bxe5 63. dxe5 Nc6 64. Rxf7+ Kh8 65. Ke4 Ra3 66. Rf8+ Kg7 67. Rf7+ Kh8 68. Be6 Ra5 69. Rc7 Rxe5+ 70. Kf3 Rc5 71. Kf2 Rc2+ 72. Kg3 Rc3 73. Kf2 Rc2+ 74. Kg3 Rc3 75. Bd7 Rxe3+ 76. Kf2 Re7 77. f6 Rxd7 78. Rxd7 Ne5 79. Rd6 Kh7 80. Re6 Nf7 81. Ke3 Kg6 82. Ke4 Nd8 83. Ra6 Nf7 84. Rb6 Nd8 85. Ke5 Nf7+ 86. Ke6 Nd8+ 87. Ke7 Nf7 88. Rb8 Nh6 89. f7 Nxf7 90. Rg8+ Kf5 91. Kxf7 g4 92. Rg7 Kf4 93. Kg6 g3 94. Kh5 1-0

[Event "Foxwoods op 15th"]
[Site "Ledyard"]
[Date "2023.04.06"]
[Round "3"]
[White "Barash, Anton"]
[Black "Macieja, Bartlomiej"]
[Result "0-1"]
[WhiteElo "2074"]
[BlackElo "2513"]
[PlyCount "92"]
[EventDate "2023.04.05"]
[EventType "swiss"]
[EventRounds "9"]
[EventCountry "USA"]
[SourceTitle "CBM 213 Extra"]
[Source "ChessBase"]
[SourceDate "2023.05.31"]
[SourceVersion "1"]
[SourceVersionDate "2023.05.31"]
[SourceQuality "1"]

1. e4 c5 2. Nf3 Nc6 3. d4 cxd4 4. Nxd4 Qc7 5. Nc3 e6 6. Be3 a6 7. Qd2 Nf6 8. 0-0-0 Be7 9. f3 b5 10. g4 Nxd4 11. Bxd4 b4 12. Na4 Rb8 13. Kb1 0-0 14. h4 d6 15. b3 Bd7 16. Nb2 e5 17. Be3 Bxg4 18. Qg2 Bh5 19. Bc4 g6 20. Rd2 a5 21. Rf1 Kg7 22. Qf2 Nd7 23. Na4 f5 24. exf5 Rxf5 25. Qg3 Rbf8 26. Rdf2 Qd8 27. Bg5 Bxg5 28. hxg5 Qxg5 29. Qh3 Qe7 30. Bd3 Rf4 31. Qg3 d5 32. Qg2 Kh8 33. Qg3 Qh4 34. Qxh4 Rxh4 35. Bb5 Nf6 36. Nc5 Rb8 37. Bd3 Re8 38. Nb7 Ra8 39. Re1 e4 40. fxe4 Nxe4 41. Rf7 g5 42. Re7 Bf3 43. Bxe4 Rxe4 44. R1xe4 Bxe4 45. Nd6 g4 46. Nf7+ Kg7 0-1

[Event "Foxwoods op 15th"]
[Site "Ledyard"]
[Date "2023.04.05"]
[Round "1"]
[White "Harris, David"]
[Black "Macieja, Bartlomiej"]
[Result "0-1"]
[WhiteElo "2010"]
[BlackElo "2513"]
[PlyCount "54"]
[EventDate "2023.04.05"]
[EventType "swiss"]
[EventRounds "9"]
[EventCountry "USA"]
[SourceTitle "CBM 213 Extra"]
[Source "ChessBase"]
[SourceDate "2023.05.31"]
[SourceVersion "1"]
[SourceVersionDate "2023.05.31"]
[SourceQuality "1"]

1. Nf3 c5 2. e4 Nc6 3. Bb5 e6 4. Nc3 Nd4 5. Bd3 Nxf3+ 6. Qxf3 g6 7. Qg3 d6 8. 0-0 a6 9. a4 Ne7 10. b3 Bg7 11. Ba3 Nc6 12. Rac1 0-0 13. f4 f5 14. exf5 gxf5 15. Ne2 Kh8 16. c3 b5 17. axb5 axb5 18. Bxb5 Rxa3 19. Bxc6 c4 20. Bf3 cxb3 21. Kh1 Ba6 22. Rfe1 Qb6 23. Nd4 Bxd4 24. cxd4 b2 25. Rb1 Qxd4 26. Qh4 Bd3 27. Rxe6 Ra1 0-1

[Event "US Masters op"]
[Site "Charlotte"]
[Date "2022.11.27"]
[Round "9"]
[White "Liang, Awonder"]
[Black "Macieja, Bartlomiej"]
[Result "1/2-1/2"]
[WhiteElo "2630"]
[BlackElo "2514"]
[PlyCount "56"]
[EventDate "2022.11.23"]
[EventType "swiss"]
[EventRounds "9"]
[EventCountry "USA"]
[SourceTitle "CBM 211 Extra"]
[Source "ChessBase"]
[SourceDate "2023.01.31"]
[SourceVersion "1"]
[SourceVersionDate "2023.01.31"]
[SourceQuality "1"]

1. e4 c6 2. d4 d5 3. exd5 cxd5 4. Nf3 Nc6 5. c4 Nf6 6. Nc3 g6 7. cxd5 Nxd5 8. Qb3 Nxc3 9. Bc4 e6 10. bxc3 Na5 11. Bb5+ Bd7 12. Qb1 Nc6 13. 0-0 Bg7 14. Ba3 Bf8 15. Bxf8 Kxf8 16. c4 a6 17. Bxc6 Bxc6 18. d5 exd5 19. Qb2 d4 20. Nxd4 Qf6 21. Rad1 Re8 22. Qa3+ Kg7 23. Nxc6 Qxc6 24. Rd6 Qxc4 25. Qb2+ Kg8 26. Qxb7 Qxa2 27. Rxa6 Qe2 28. Ra7 Qe6 1/2-1/2

[Event "US Masters op"]
[Site "Charlotte"]
[Date "2022.11.24"]
[Round "2"]
[White "Macieja, Bartlomiej"]
[Black "Csonka, Attila Istvan"]
[Result "1-0"]
[WhiteElo "2514"]
[BlackElo "2321"]
[PlyCount "85"]
[EventDate "2022.11.23"]
[EventType "swiss"]
[EventRounds "9"]
[EventCountry "USA"]
[SourceTitle "CBM 211 Extra"]
[Source "ChessBase"]
[SourceDate "2023.01.31"]
[SourceVersion "1"]
[SourceVersionDate "2023.01.31"]
[SourceQuality "1"]

1. Nf3 Nf6 2. c4 c5 3. Nc3 Nc6 4. d4 cxd4 5. Nxd4 g6 6. e4 d6 7. f3 Bg7 8. Be3 Bd7 9. Be2 0-0 10. 0-0 Nxd4 11. Bxd4 a5 12. b3 Bc6 13. Qd2 Nd7 14. Bf2 Nc5 15. Rab1 Bd7 16. Rfd1 Be6 17. Nd5 Bxd5 18. exd5 Qb6 19. a3 Qc7 20. Bf1 Rfe8 21. Re1 Bf6 22. g3 Qc8 23. b4 axb4 24. axb4 Nd7 25. c5 Ne5 26. Rb3 Rd8 27. Rc1 dxc5 28. bxc5 Qd7 29. Bg2 e6 30. d6 Nc6 31. f4 Ra7 32. Rb6 Rda8 33. Bxc6 bxc6 34. Bd4 Ra2 35. Rb2 Rxb2 36. Qxb2 Bxd4+ 37. Qxd4 e5 38. Qxe5 Re8 39. Qd4 h5 40. Rf1 Qg4 41. Qf6 Re3 42. Ra1 Re8 43. Qe7 1-0

[Event "Charlotte CCCSA Fall GM-C"]
[Site "Charlotte"]
[Date "2022.11.22"]
[Round "9"]
[White "Slade, Theodore"]
[Black "Macieja, Bartlomiej"]
[Result "0-1"]
[WhiteElo "2028"]
[BlackElo "2514"]
[PlyCount "100"]
[EventDate "2022.11.18"]
[EventType "tourn"]
[EventRounds "9"]
[EventCountry "USA"]
[EventCategory "5"]
[SourceTitle "CBM 211 Extra"]
[Source "ChessBase"]
[SourceDate "2023.01.31"]
[SourceVersion "1"]
[SourceVersionDate "2023.01.31"]
[SourceQuality "1"]

1. d4 Nf6 2. c4 e6 3. g3 c5 4. d5 exd5 5. cxd5 d6 6. Nc3 g6 7. Bg2 Bg7 8. Nf3 0-0 9. 0-0 Re8 10. Bf4 h6 11. Re1 g5 12. Bd2 Bf5 13. h4 g4 14. Nh2 h5 15. e4 Bg6 16. Bg5 Nbd7 17. f4 gxf3 18. Bxf3 c4 19. Kh1 b5 20. Nxb5 Qb6 21. Nc3 Qxb2 22. Bd2 Nxe4 23. Bxe4 Bxc3 24. Bxc3 Qxc3 25. Bxg6 Rxe1+ 26. Qxe1 Qxe1+ 27. Rxe1 fxg6 28. Nf3 Rc8 29. Nd4 Rc5 30. Nc6 c3 31. Rc1 Ne5 32. Nxe5 dxe5 33. Kg2 Kf7 34. Kf3 Ke7 35. Ke4 Kd6 36. Kd3 c2 37. Rxc2 e4+ 38. Kd2 Rxc2+ 39. Kxc2 Kxd5 40. Kc3 Kc5 41. Kd2 Kd4 42. Ke2 e3 43. a4 a5 44. Ke1 Kd3 45. Kd1 e2+ 46. Ke1 Ke3 47. g4 hxg4 48. h5 g3 49. hxg6 g2 50. g7 g1B 0-1

[Event "Charlotte CCCSA Summer GM-A"]
[Site "Charlotte"]
[Date "2022.07.28"]
[Round "7"]
[White "Gauri, Shankar"]
[Black "Macieja, Bartlomiej"]
[Result "1/2-1/2"]
[WhiteElo "2376"]
[BlackElo "2518"]
[PlyCount "125"]
[EventDate "2022.07.24"]
[EventType "tourn"]
[EventRounds "9"]
[EventCountry "USA"]
[EventCategory "7"]
[SourceTitle "CBM 209 Extra"]
[Source "ChessBase"]
[SourceDate "2022.09.30"]
[SourceVersion "1"]
[SourceVersionDate "2022.09.30"]
[SourceQuality "1"]

1. d4 Nf6 2. c4 e6 3. Nf3 d5 4. cxd5 exd5 5. Nc3 c6 6. Bg5 h6 7. Bh4 g5 8. Bg3 Qb6 9. Qc2 Bf5 10. Qxf5 Qxb2 11. Qc8+ Ke7 12. Rb1 Qxc3+ 13. Kd1 Bg7 14. Qc7+ Nbd7 15. Bd6+ Ke8 16. Qxb7 Rd8 17. Rc1 Qa5 18. Bc7 Qa4+ 19. Qb3 Qxb3+ 20. axb3 Rc8 21. Bg3 Ne4 22. e3 Ke7 23. Ba6 Nxg3 24. hxg3 Rc7 25. Ke2 Rb8 26. Nd2 c5 27. Rc2 Kd6 28. Rhc1 Rb6 29. Bd3 Rcc6 30. dxc5+ Nxc5 31. e4 Nxd3 32. Rxc6+ Rxc6 33. Rxc6+ Kxc6 34. Kxd3 g4 35. exd5+ Kxd5 36. Nc4 Bd4 37. Ne3+ Bxe3 38. Kxe3 Kc5 39. Kd3 Kb4 40. Kc2 Ka3 41. f4 f5 42. Kc3 Ka2 43. Kc4 h5 44. b4 Ka3 45. b5 Ka4 46. Kc5 Ka5 47. Kc6 Kb4 48. b6 axb6 49. Kxb6 Kc4 50. Kc6 Kd4 51. Kd6 Ke3 52. Ke6 Kf2 53. Kxf5 Kxg3 54. Kg5 h4 55. f5 h3 56. gxh3 gxh3 57. f6 h2 58. f7 h1Q 59. f8Q Qh4+ 60. Kg6 Qg4+ 61. Kf7 Qf5+ 62. Ke8 Qxf8+ 63. Kxf8 1/2-1/2

[Event "Charlotte CCCSA Summer GM-A"]
[Site "Charlotte"]
[Date "2022.07.27"]
[Round "5"]
[White "Mulyar, Michael A"]
[Black "Macieja, Bartlomiej"]
[Result "1/2-1/2"]
[WhiteElo "2347"]
[BlackElo "2518"]
[PlyCount "59"]
[EventDate "2022.07.24"]
[EventType "tourn"]
[EventRounds "9"]
[EventCountry "USA"]
[EventCategory "7"]
[SourceTitle "CBM 209 Extra"]
[Source "ChessBase"]
[SourceDate "2022.09.30"]
[SourceVersion "1"]
[SourceVersionDate "2022.09.30"]
[SourceQuality "1"]

1. d4 e6 2. Nf3 c5 3. c4 cxd4 4. Nxd4 Nc6 5. g3 Qb6 6. Nb3 Nf6 7. Bg2 a5 8. 0-0 a4 9. N3d2 Be7 10. Nc3 Qa5 11. Nde4 Nxe4 12. Nxe4 0-0 13. Bf4 a3 14. bxa3 d5 15. Nd6 Bxd6 16. Bxd6 Rd8 17. c5 Qxa3 18. e4 dxe4 19. Bxe4 h6 20. Qb3 Qa4 21. Bg2 Nb4 22. Qb2 Qa3 23. Qxa3 Rxa3 24. Rab1 Nd5 25. Rb2 Ra7 26. Rfb1 Nc3 27. Ra1 Nd5 28. Rab1 Nc3 29. Ra1 Nd5 30. Rab1 1/2-1/2

[Event "Chicago op 31st"]
[Site "Chicago"]
[Date "2022.05.28"]
[Round "5"]
[White "Macieja, Bartlomiej"]
[Black "Marek, Matyas"]
[Result "1-0"]
[WhiteElo "2519"]
[BlackElo "2363"]
[PlyCount "131"]
[EventDate "2022.05.26"]
[EventType "swiss"]
[EventRounds "9"]
[EventCountry "USA"]
[SourceTitle "CBM 208 Extra"]
[Source "ChessBase"]
[SourceDate "2022.07.31"]
[SourceVersion "1"]
[SourceVersionDate "2022.07.31"]
[SourceQuality "1"]

1. Nf3 Nf6 2. c4 g6 3. Nc3 Bg7 4. e4 d6 5. d4 0-0 6. h3 e5 7. d5 Nh5 8. g3 f5 9. exf5 gxf5 10. Ng5 Nf6 11. c5 Na6 12. cxd6 cxd6 13. Bg2 Nc7 14. a4 h6 15. Nf3 Qe7 16. Nh4 Qf7 17. 0-0 Bd7 18. Qb3 b6 19. Bd2 e4 20. f3 e3 21. Bxe3 Nfxd5 22. Nxd5 Nxd5 23. f4 Be6 24. Bxd5 Bxd5 25. Qb4 Rac8 26. Rad1 Qe6 27. Rfe1 Rc4 28. Qd2 Be4 29. Qxd6 Qxd6 30. Rxd6 Rxa4 31. Ng6 Rf6 32. Rd8+ Kh7 33. Ne5 Rf8 34. Rd7 Rc8 35. Bd4 Kg8 36. Bc3 Bf8 37. Red1 Bc2 38. R1d2 Ra1+ 39. Kf2 Bc5+ 40. Ke2 Ba4 41. Rd8+ Rxd8 42. Rxd8+ Kh7 43. Nf3 Rh1 44. g4 Kg6 45. b4 Be7 46. Ne5+ Kf6 47. Rh8 Rxh3 48. g5+ Kg7 49. Nf3+ Kg6 50. Ne5+ Kg7 51. Nf3+ Kg6 52. Rg8+ Kf7 53. Rg7+ Ke8 54. g6 Bb3 55. Rh7 Bc4+ 56. Kf2 Bh4+ 57. Nxh4 Rxh4 58. Be5 a5 59. bxa5 bxa5 60. Rc7 Bb3 61. g7 Rg4 62. Bf6 Rg6 63. Re7+ Kd8 64. Rb7+ Ke8 65. Rxb3 Kf7 66. Rb8 1-0

[Event "Charlotte CCCSA Spring GM-B"]
[Site "Charlotte"]
[Date "2022.05.07"]
[Round "7"]
[White "Macieja, Bartlomiej"]
[Black "Lee, Alice"]
[Result "1/2-1/2"]
[WhiteElo "2519"]
[BlackElo "2344"]
[PlyCount "90"]
[EventDate "2022.05.04"]
[EventType "tourn"]
[EventRounds "9"]
[EventCountry "USA"]
[EventCategory "6"]
[SourceTitle "CBM 208 Extra"]
[Source "ChessBase"]
[SourceDate "2022.07.31"]
[SourceVersion "1"]
[SourceVersionDate "2022.07.31"]
[SourceQuality "1"]

1. c4 c6 2. Nf3 d5 3. d4 Nf6 4. Nc3 e6 5. Qb3 Nbd7 6. Bf4 Be7 7. e3 b6 8. cxd5 exd5 9. h3 Bb7 10. Bd3 Nf8 11. 0-0 Ng6 12. Bh2 0-0 13. a4 Bd6 14. Bxd6 Qxd6 15. a5 Nd7 16. Bf5 Ba6 17. Rfc1 Rfb8 18. Qa3 Qxa3 19. Rxa3 Ngf8 20. Na2 c5 21. Nc3 Nf6 22. axb6 axb6 23. Rca1 Bb7 24. Rxa8 Bxa8 25. h4 g6 26. Bh3 Ne4 27. Ra7 Bb7 28. Ne2 Nd6 29. Ne5 c4 30. Nc3 b5 31. Na2 Ra8 32. Rxa8 Bxa8 33. Nb4 f6 34. Nf3 Bb7 35. Nd2 Kf7 36. Nb1 Ne8 37. Nc3 Nc7 38. f4 h5 39. f5 g5 40. g3 Nd7 41. Bg2 Nb6 42. Bf3 g4 43. Bd1 Nc8 44. Bc2 Nd6 45. Kf2 Ke7 1/2-1/2

[Event "Warsaw Maciei Memorial"]
[Site "Warsaw"]
[Date "2021.07.09"]
[Round "11"]
[White "Macieja, Bartlomiej"]
[Black "Chomczyk, Marek"]
[Result "0-1"]
[WhiteElo "2519"]
[BlackElo "2194"]
[PlyCount "76"]
[EventDate "2021.07.09"]
[EventType "swiss (blitz)"]
[EventRounds "11"]
[EventCountry "POL"]
[SourceTitle "CBM 203 Extra"]
[Source "ChessBase"]
[SourceDate "2021.09.30"]
[SourceVersion "1"]
[SourceVersionDate "2021.09.30"]
[SourceQuality "1"]

1. e4 c6 2. d4 d5 3. Nc3 dxe4 4. Nxe4 Nf6 5. Nxf6+ exf6 6. c3 Bd6 7. Bd3 0-0 8. Qc2 Re8+ 9. Ne2 h5 10. Be3 Nd7 11. 0-0-0 Nf8 12. Kb1 a5 13. Ng3 g6 14. Ne4 Be7 15. Rhe1 f5 16. Nd2 Be6 17. Bc4 Bxc4 18. Nxc4 b5 19. Ne5 Qd5 20. Qb3 Bd6 21. Qxd5 cxd5 22. Nd3 Ne6 23. h3 Re7 24. Bd2 Rae8 25. b3 Kg7 26. Nb2 Kf6 27. Kc2 Rc8 28. Kd3 Bf4 29. g3 Bxd2 30. Kxd2 Ng5 31. Rxe7 Kxe7 32. Re1+ Ne4+ 33. Kd1 Kf6 34. a4 Rxc3 35. axb5 Rxb3 36. Na4 Rxb5 37. Re2 Rb4 38. Ra2 Rxa4 0-1

[Event "Carlos Torre Memorial op 31st"]
[Site "Merida"]
[Date "2019.12.16"]
[Round "5"]
[White "Alvarez Pedraza, Aramis"]
[Black "Macieja, Bartlomiej"]
[Result "1/2-1/2"]
[WhiteElo "2429"]
[BlackElo "2513"]
[PlyCount "58"]
[EventDate "2019.12.13"]
[EventType "swiss"]
[EventRounds "9"]
[EventCountry "MEX"]
[SourceTitle "CBM 193 Extra"]
[Source "ChessBase"]
[SourceDate "2020.01.31"]
[SourceVersion "1"]
[SourceVersionDate "2020.01.31"]
[SourceQuality "1"]

1. d4 Nf6 2. c4 e6 3. Nc3 Bb4 4. Nf3 b6 5. Qc2 Bb7 6. a3 Bxc3+ 7. Qxc3 0-0 8. e3 a5 9. b3 d6 10. Bb2 Nbd7 11. Be2 Ne4 12. Qc2 f5 13. d5 exd5 14. Nd4 Qe7 15. cxd5 Bxd5 16. Bc4 Bxc4 17. Qxc4+ Qf7 18. Ne6 b5 19. Qd4 Ndc5 20. Nxf8 Nxb3 21. Qd3 Nxa1 22. Bxa1 Rxf8 23. Qxb5 f4 24. exf4 Qxf4 25. 0-0 Qf5 26. Qc6 Rf7 27. Qe8+ Rf8 28. Qc6 Rf7 29. Qe8+ Rf8 1/2-1/2

[Event "Carlos Torre Memorial op 31st"]
[Site "Merida"]
[Date "2019.12.16"]
[Round "6"]
[White "Macieja, Bartlomiej"]
[Black "Fernandez Guillen, Ernesto J"]
[Result "1-0"]
[WhiteElo "2513"]
[BlackElo "2407"]
[PlyCount "75"]
[EventDate "2019.12.13"]
[EventType "swiss"]
[EventRounds "9"]
[EventCountry "MEX"]
[SourceTitle "CBM 193 Extra"]
[Source "ChessBase"]
[SourceDate "2020.01.31"]
[SourceVersion "1"]
[SourceVersionDate "2020.01.31"]
[SourceQuality "1"]

1. Nf3 Nf6 2. c4 c5 3. Nc3 g6 4. d4 cxd4 5. Nxd4 Bg7 6. e4 d6 7. Be2 0-0 8. 0-0 Bd7 9. Be3 Nc6 10. Rc1 a6 11. f3 Nxd4 12. Bxd4 Bc6 13. b4 b5 14. cxb5 axb5 15. Bxb5 Bxb5 16. Nxb5 Rxa2 17. Na7 Nh5 18. Be3 Ra3 19. Nc6 Qd7 20. Qe2 Rfa8 21. b5 Rb3 22. Rb1 Raa3 23. Bf2 Nf4 24. Qc2 Rc3 25. Qd2 Bh6 26. Kh1 Rd3 27. Qc2 Rdc3 28. Qd2 Rd3 29. Qb4 Rxf3 30. Nxe7+ Kf8 31. Bg3 Rab3 32. Qxb3 Rxb3 33. Rxb3 Ne2 34. b6 Qb7 35. Bxd6 Ke8 36. Nd5 f5 37. Ra1 fxe4 38. Ra8+ 1-0

[Event "Carlos Torre Memorial op 31st"]
[Site "Merida"]
[Date "2019.12.15"]
[Round "3"]
[White "Macieja, Bartlomiej"]
[Black "Ibarra Chami, Luis Fernando"]
[Result "0-1"]
[WhiteElo "2513"]
[BlackElo "2423"]
[PlyCount "138"]
[EventDate "2019.12.13"]
[EventType "swiss"]
[EventRounds "9"]
[EventCountry "MEX"]
[SourceTitle "CBM 193 Extra"]
[Source "ChessBase"]
[SourceDate "2020.01.31"]
[SourceVersion "1"]
[SourceVersionDate "2020.01.31"]
[SourceQuality "1"]

1. d4 d5 2. c4 e6 3. Nc3 Bb4 4. a3 Bxc3+ 5. bxc3 b6 6. cxd5 exd5 7. e3 Nf6 8. Bd3 0-0 9. Ne2 Ba6 10. 0-0 Bxd3 11. Qxd3 c5 12. f3 Re8 13. Ng3 Nc6 14. Bb2 c4 15. Qd2 Re6 16. Rae1 Qd7 17. Qc2 Ne7 18. e4 dxe4 19. fxe4 Ng6 20. Bc1 Rae8 21. Bg5 Nd5 22. h4 h6 23. h5 Nf8 24. Bd2 Nf6 25. d5 Re5 26. Bf4 R5e7 27. Bxh6 Qg4 28. d6 Re6 29. Nf5 Nxh5 30. Bc1 Ng6 31. Qf2 Ne5 32. Qd4 Rg6 33. Qd2 Kh7 34. Re3 Nd3 35. Qe2 Qxe2 36. Rxe2 Rg4 37. a4 g6 38. Nd4 Rd8 39. Ba3 Nhf4 40. Rd2 Kg7 41. Rf3 Ne5 42. Re3 Nh5 43. Ne2 Nf6 44. Rd4 Rd7 45. g3 Rg5 46. Nf4 Nh5 47. Ne2 Ng4 48. Rf3 Ra5 49. Bc1 Rxa4 50. Bf4 f6 51. Rd2 Ra1+ 52. Kg2 Re1 53. Ra2 Ne5 54. Bxe5 fxe5 55. Ng1 Rd1 56. Ra4 b5 57. Ra5 Rb7 58. Ra6 Nf6 59. Nh3 Rd2+ 60. Kg1 Nxe4 61. Re3 Rxd6 62. Rxd6 Nxd6 63. Rxe5 a5 64. Re6 b4 65. cxb4 axb4 66. Nf2 b3 67. Nd1 b2 68. Nxb2 Rxb2 69. Rxd6 c3 0-1

[Event "Carlos Torre Memorial op 31st"]
[Site "Merida"]
[Date "2019.12.14"]
[Round "2"]
[White "Diaz Rosas, Julio Cesar"]
[Black "Macieja, Bartlomiej"]
[Result "0-1"]
[WhiteElo "2365"]
[BlackElo "2513"]
[PlyCount "85"]
[EventDate "2019.12.13"]
[EventType "swiss"]
[EventRounds "9"]
[EventCountry "MEX"]
[SourceTitle "CBM 193 Extra"]
[Source "ChessBase"]
[SourceDate "2020.01.31"]
[SourceVersion "1"]
[SourceVersionDate "2020.01.31"]
[SourceQuality "1"]

1. e4 c6 2. d4 d5 3. e5 Bf5 4. Nf3 e6 5. Be2 Ne7 6. 0-0 c5 7. Na3 Nec6 8. c4 Be4 9. Nb5 Be7 10. dxc5 Bxc5 11. Ng5 Na6 12. Nd6+ Bxd6 13. exd6 0-0 14. a3 Qf6 15. Be3 Qxb2 16. Nxe4 dxe4 17. Rb1 Qxa3 18. Rxb7 Rab8 19. Rxb8 Ncxb8 20. Bxa7 Nd7 21. Qd4 Nab8 22. Ra1 Qb4 23. Qxe4 Qxd6 24. Be3 Nc5 25. Qh4 Nbd7 26. Rd1 Qb8 27. Qe7 Re8 28. Qh4 h6 29. h3 Qb2 30. Bf3 Qc2 31. Qg3 Ne4 32. Qc7 Ndf6 33. Rc1 Qb2 34. Qb6 Qa3 35. Qc6 Nc3 36. Qc5 Qb2 37. Kh2 Qb8+ 38. g3 Nce4 39. Qb5 Qc8 40. c5 Ng5 41. Bb7 Qc7 42. Qb6 Qe5 43. Bg2 0-1

[Event "US Masters op"]
[Site "Greensboro"]
[Date "2019.08.24"]
[Round "6"]
[White "Macieja, Bartlomiej"]
[Black "Mulyar, Michael A"]
[Result "1/2-1/2"]
[WhiteElo "2513"]
[BlackElo "2382"]
[PlyCount "86"]
[EventDate "2019.08.21"]
[EventType "swiss"]
[EventRounds "9"]
[EventCountry "USA"]
[SourceTitle "EXT 2020"]
[Source "ChessBase"]
[SourceDate "2019.10.17"]
[SourceVersion "1"]
[SourceVersionDate "2019.10.17"]
[SourceQuality "1"]

1. e4 e5 2. Nf3 Nc6 3. Bb5 a6 4. Ba4 Nf6 5. 0-0 b5 6. Bb3 Bc5 7. a4 Rb8 8. c3 d6 9. d4 Bb6 10. Na3 0-0 11. axb5 axb5 12. Nxb5 Bg4 13. Re1 Bxf3 14. gxf3 Nh5 15. Kh1 Qf6 16. Rg1 Nf4 17. Be3 Nd8 18. Na3 Nde6 19. Bxe6 Nxe6 20. dxe5 dxe5 21. Nc4 Bxe3 22. fxe3 Rb5 23. Qe2 Rfb8 24. Qg2 Rc5 25. Na3 Qh6 26. Rae1 Rc6 27. Re2 Nc5 28. Nc4 Rg6 29. Qf1 Rxg1+ 30. Kxg1 Nb3 31. Re1 g6 32. Kh1 Qh5 33. Qe2 Nc5 34. Qg2 Rd8 35. h3 Qh4 36. Ra1 Qe7 37. Ra5 Rd1+ 38. Kh2 Nd3 39. Qg3 Re1 40. Nxe5 Re2+ 41. Kh1 Re1+ 42. Kg2 Re2+ 43. Kf1 Re1+ 1/2-1/2

[Event "GRE-chT 47th"]
[Site "Patras"]
[Date "2019.07.05"]
[Round "5.5"]
[White "Banikas, Hristos"]
[Black "Macieja, Bartlomiej"]
[Result "0-1"]
[WhiteElo "2601"]
[BlackElo "2500"]
[PlyCount "114"]
[EventDate "2019.07.02"]
[EventType "team-swiss"]
[EventRounds "7"]
[EventCountry "GRE"]
[SourceTitle "CBM 191 Extra"]
[Source "ChessBase"]
[SourceDate "2019.09.30"]
[SourceVersion "1"]
[SourceVersionDate "2019.09.30"]
[SourceQuality "1"]
[WhiteTeam "Heraklion Attica"]
[BlackTeam "Peristeriou SH"]
[WhiteTeamCountry "GRE"]
[BlackTeamCountry "GRE"]

1. d4 Nf6 2. c4 e6 3. Nf3 d5 4. g3 Bb4+ 5. Bd2 Be7 6. Bg2 c6 7. Qc2 0-0 8. 0-0 Nbd7 9. Rd1 b6 10. Bf4 Bb7 11. Ne5 Nh5 12. Bd2 Nhf6 13. cxd5 cxd5 14. Nc6 Bxc6 15. Qxc6 Rc8 16. Qb5 Ne8 17. e3 Nd6 18. Qe2 f5 19. Be1 Nf6 20. Nc3 g5 21. Rdc1 g4 22. Rc2 Nfe4 23. Rac1 Qd7 24. Qa6 Nxc3 25. Rxc3 Rxc3 26. Rxc3 Rc8 27. Rxc8+ Nxc8 28. Bf1 Qc7 29. a4 Kf7 30. a5 Nd6 31. axb6 axb6 32. Bc3 h5 33. Qa8 Qc8 34. Qa7 Qb7 35. Qa4 h4 36. gxh4 Bxh4 37. h3 Ne4 38. Be1 Ng5 39. Bg2 gxh3 40. Bh1 Qc7 41. Qd1 Kg6 42. f4 Bxe1 43. Qxe1 Nh7 44. Bf3 Nf6 45. Kh2 Qc2+ 46. Kxh3 Qxb2 47. Qg1+ Kf7 48. Kh4 Qc2 49. Kg5 Qc8 50. Qb1 Qg8+ 51. Kh4 Ne4 52. Qe1 Qh7+ 53. Bh5+ Kf6 54. Qg1 b5 55. Qe1 b4 56. Qc1 Qg8 57. Qe1 Qg2 0-1

[Event "PRO League Stage"]
[Site "Chess.com INT"]
[Date "2019.03.13"]
[Round "10"]
[White "Macieja, Bartlomiej"]
[Black "Preotu, Razvan"]
[Result "0-1"]
[WhiteElo "2509"]
[BlackElo "2524"]
[PlyCount "104"]
[EventDate "2019.01.08"]
[EventType "team-swiss (rapid)"]
[EventRounds "10"]
[EventCountry "USA"]
[SourceTitle "CBM 189 Extra"]
[Source "ChessBase"]
[SourceDate "2019.06.03"]
[SourceVersion "1"]
[SourceVersionDate "2019.06.03"]
[SourceQuality "1"]
[WhiteTeam "San Francisco Mechanics"]
[BlackTeam "Dallas Destiny"]
[WhiteTeamCountry "USA"]
[BlackTeamCountry "USA"]

1. Nf3 c5 2. c4 Nc6 3. d4 cxd4 4. Nxd4 Nf6 5. Nc3 e6 6. Bf4 a6 7. a3 Qb6 8. e3 d6 9. Bg3 Bd7 10. b4 Be7 11. Be2 0-0 12. 0-0 Rfc8 13. Rc1 Qd8 14. Qb3 Nxd4 15. exd4 Bc6 16. Rfd1 Ne4 17. Nxe4 Bxe4 18. Bf3 Bxf3 19. Qxf3 Qd7 20. c5 d5 21. Qb3 h5 22. h3 h4 23. Be5 Bd8 24. a4 Bc7 25. Bxc7 Qxc7 26. b5 axb5 27. axb5 Qf4 28. Rc2 Rc7 29. Ra2 Rcc8 30. b6 Rxa2 31. Qxa2 Qb8 32. Ra1 Qf4 33. Qb2 g6 34. Ra7 Rb8 35. Qc3 Kg7 36. Ra1 g5 37. Qe3 Qxe3 38. fxe3 Kf6 39. Kf2 Kf5 40. Ke2 Ke4 41. Kd2 f5 42. Kc3 Kxe3 43. Re1+ Kf2 44. Rxe6 Kxg2 45. Rg6 g4 46. hxg4 f4 47. Rg7 f3 48. g5 f2 49. Rf7 f1Q 50. Rxf1 Kxf1 51. g6 h3 52. g7 h2 0-1